Spitznamen deutscher Städte - Statistiken

Allgemein
  • Dieses Quiz wurde 105 mal gespielt
  • Das Durchschnittsergebnis liegt bei 10 aus 20
Antwortstatistiken
Spitzname Stadt % Korrekt
Mainhattan Frankfurt am Main
96%
Autostadt Wolfsburg
95%
Fuggerstadt Augsburg
87%
Schwabenmetropole Stuttgart
87%
Elbflorenz Dresden
80%
Deutschlands Tor zur Welt Hamburg
72%
Dreiflüssestadt Passau
60%
Quadratstadt Mannheim
59%
Beethovenstadt Bonn
54%
Fächerstadt Karlsruhe
48%
Klingenstadt Solingen
46%
Fränkisches Rom Bamberg
43%
Löwenstadt Braunschweig
43%
Skatstadt Altenburg
29%
Stadt der Tausend Feuer Gelsenkirchen
20%
Klassikstadt Weimar
20%
Rubensstadt Siegen
16%
Leineweberstadt Bielefeld
14%
Ottostadt Magdeburg
14%
Schängelstadt Koblenz
9%
Keine übereinstimmenden Quizze gefunden
Verteilung der Resultate
Anzahl Personen mit jedem Resultat
Perzentil nach korrekt beantworteten Fragen
Ihre Resultats-Entwicklung
Sie haben dieses Quiz noch nicht gespielt